Welcome to the Holygrace Academy Library

Please use search bar below to get started

MANY LIVES, MANY MASTERS (Record no. 5502)

MARC details
000 -LEADER
fixed length control field 00269nam a22001217a 4500
082 ## - DEWEY DECIMAL CLASSIFICATION NUMBER
Classification number 158
Item number 11790
100 ## - MAIN ENTRY--AUTHOR NAME
Personal name WEISS,BRIAN
245 ## - TITLE STATEMENT
Title MANY LIVES, MANY MASTERS
260 ## - PUBLICATION, DISTRIBUTION, ETC. (IMPRINT)
Place of publication LONDON
Name of publisher PIATKUS
300 ## - PHYSICAL DESCRIPTION
Number of Pages 219
650 ## - SUBJECT ADDED ENTRY--TOPICAL TERM
Topical Term PERSONALITY DEVELOPMENT
Geographic subdivision LONDON
942 ## - ADDED ENTRY ELEMENTS (KOHA)
Koha item type Books
Holdings
Withdrawn status Lost status Collection code Home library Current library Shelving location Date acquired Source of acquisition Full call number Accession Number Koha item type
    Reference Main Library Main Library SHELF-17H-PERSONALITY DEVELOPMENT BOOKS 28/10/2018 PURCHASE 158 11790 11790 Books